Quiz z wiedzy o Lego Ninjago - Statystyki

Ogólne statystyki
  • Ten quiz został rozwiązany 537 razy
  • Średni wynik to 17 z 20
Statystyki odpowiedzi
Obrazkowy Odpowiedź % Poprawnych
Kai
100%
Garmadon
99%
Zane
99%
Cole
98%
Jay
98%
Nya
98%
Sensei Wu
98%
Morro
97%
Lloyd
96%
Misako
94%
Chen
90%
Harumi
88%
Dareth
83%
Arin
80%
Sora
79%
Nadakhan
75%
Unagami
70%
Mroczny Władca
64%
Nokt
63%
Raju
50%
Nie znaleziono quizów pasujących do podanych kryteriów
Rozkład punktacji
Procent ludzi z każdym wynikiem
Percentyl według liczby udzielonych odpowiedzi
Twoja historia wyników
Nie rozwiązałeś tego quizu